La séptima vida / (Registro nro. 13623)

Detalles MARC
000 -LIDER
fixed length control field 00713cam a2200241 a 4500
001 - NÚMERO DE CONTROL
Identificador de número de control 14089574
003 - IDENTIFICACDOR DE NÚMERO DE CONTROL
control field DO-SdBNP
005 - DATE AND TIME OF LATEST TRANSACTION
control field 20210805102840.0
008 - ELEMENTOS DE LONGITUD FIJA
fixed length control field 050811s2004 pr 000 1 spa
010 ## - NUMERO DE CONTROL DE BIBLIOTECA DEL CONGRESO
LC control number 2005465026
020 ## - ISBN
International Standard Book Number 0847703002
040 ## - FUENTE DE CATALOGACIÓN
Agencia que crea de manera original el registro BPMSU
Idioma de catalogación spa
Agencia que realiza la transcripción BPMSU
082 ## - NÚMERO DE CLASIFICACIÓN DECIMAL DE DEWEY
Classification number PR863.5
Item number G216s 2004
Edition number 22
100 1# - ASIENTO PRINCIPAL -- NOMBRE PERSONAL
Nombre personal García-Passalacqua, Juan M.
245 13 - MENCIÓN DE TITULO
Título La séptima vida /
Mención de responsabilidad Juan Manuel García Passalacqua.
260 ## - PUBLICACIÓN, DISTRIBUCIÓN, ETC. (PIE DE IMPRENTA)
Lugar de publicación, distribución, etc San Juan, P.R. :
Nombre del editor, distribuidor, etc. Editorial de la Universidad de Puerto Rico,
Fecha de publicación, distribución, etc 2004.
300 ## - DESCRIPCIÓN FÍSICA
Extensión 179 p. ;
Dimensiones 22 cm.
590 ## - NOTA LOCAL
Enlace Inventariado, 2021/VM
650 #4 - ENCABEZAMIENTO DE MATERIA--TEMÁTICO
Término temático o nombre geográfico como elemento de entrada Novela puertorriqueña
650 #4 - ENCABEZAMIENTO DE MATERIA--TEMÁTICO
Término temático o nombre geográfico como elemento de entrada Literatura puertorriquña
910 ## - VALIDACIÓN
Validación VMateo V.
942 ## - ADDED ENTRY ELEMENTS (KOHA)
Source of classification or shelving scheme Dewey Decimal Classification
Koha item type Libros
Existencias
Withdrawn status Lost status Source of classification or shelving scheme Damaged status Not for loan Collection code Home library Current library Date acquired Source of acquisition Full call number Barcode Date last seen Price effective from Koha item type
    Dewey Decimal Classification     Colección General Biblioteca Pública Metropolitana Salomé Ureña Biblioteca Pública Metropolitana Salomé Ureña 08/05/2021 UPR BPMSU CG PR863.5 G216s 2004 BPMSU21080015 08/05/2021 08/05/2021 Libros